Perfil de resistencia a los antibióticos de cepas de Pseudomonas aeruginosa aisladas en muestras de agua provenientes de la ciénaga de las quintas de Cartagena - Colombia durante septiembre - octubre de 2021. / (Registro nro. 3085)

Detalles MARC
000 -LEADER
fixed length control field 03951nam a2200277 4500
005 - DATE AND TIME OF LATEST TRANSACTION
control field 20250329165417.0
007 - PHYSICAL DESCRIPTION FIXED FIELD--GENERAL INFORMATION
fixed length control field ta
008 - FIXED-LENGTH DATA ELEMENTS--GENERAL INFORMATION
fixed length control field 180709s2022 000 0 eng d
040 ## - CATALOGING SOURCE
Original cataloging agency CO-CtgCURN
Language of cataloging spa
Transcribing agency coctgcurn
082 0# - DEWEY DECIMAL CLASSIFICATION NUMBER
Classification number BAC 2022
Item number B277
100 1# - MAIN ENTRY--PERSONAL NAME
Personal name Barrios G, Angie Nathalie.
245 10 - TITLE STATEMENT
Title Perfil de resistencia a los antibióticos de cepas de Pseudomonas aeruginosa aisladas en muestras de agua provenientes de la ciénaga de las quintas de Cartagena - Colombia durante septiembre - octubre de 2021. /
Statement of responsibility, etc. Angie Nathalie Barrios G; Paula Andrea Mora Iris; directora Giselle di Filippo Iriarte; asesoras: Elincer Elles Navarro; Soraya Salas Romero.
260 ## - PUBLICATION, DISTRIBUTION, ETC.
Date of publication, distribution, etc. 2022.
260 #1 - PUBLICATION, DISTRIBUTION, ETC.
Place of publication, distribution, etc. Cartagena de Indias : :
Name of publisher, distributor, etc. Corporación Universitaria Rafael Nuñez,,
Date of publication, distribution, etc. 2022.
300 ## - PHYSICAL DESCRIPTION
Extent 51 hojas.
504 ## - BIBLIOGRAPHY, ETC. NOTE
Bibliography, etc. note Trabajo de grado (Bacteriologia). Corporación Universitaria Rafael Nuñez. Facultad de Ciencias de la salud. Bacteriologia, 2022.
520 ## - SUMMARY, ETC.
Summary, etc. "La ciénaga de las quintas en uno de los cuerpos de agua más importantes de la ciudad de Cartagena, principalmente su dinámica hídrica va hacia el mercado de Bazurto, la cual ha sido contaminada gravemente por la población con el tiempo. Nuestro trabajo de investigación tiene como objetivo determinar el perfil de resistencia a los antibióticos de cepas de Pseudomonas aeruginosa aisladas en aguas provenientes de la ciénaga de las Quintas de la Ciudad de Cartagena en el 2021. Realizamos un estudio observacional de tipo descriptivo de corte transversal y fue enmarcado como subproyecto en el proyecto investigativo titulado Perfil de resistencia de aislados bacterianos de cuerpos de agua de la Ciudad de Cartagena, desarrollado por el Programa de Bacteriología de la Corporación Universitaria Rafael Núñez- sede Cartagena; se analizarán 30 muestras de agua de la Ciénaga de Las Quintas. Tomadas a nivel del Puente Jiménez y el mercado Bazurto; estas fueron sembradas en agar Cetrimide y se Sub-cultivaron las colonias escogidas en agar nutritivo, el control de calidad se realizó utilizando la cepa ATCC 27853, para determinar la susceptibilidad de las cepas de Pseudomonas aeruginosa y se sembraron en sensidiscos de Ciprofloxacino (CIP), Cefepime (FEP), Amikacina (AMIK), Ceftazidima (CAZ), Meropenem (MEM). Obteniendo como resultado que de las 30 muestras de agua se aisló el microrganismo Pseudomonas aeruginosa en 18, se aislaron en total 21 cepas de Pseudomonas aeruginosa, 12 (54,5%) en el mercado de Bazurto y 10 (45,5%) en el puente Jiménez. Al analizar la susceptibilidad a los antibióticos no se evidenció resistencia por parte de ninguna de las cepas de pseudomonas aeruginosa aisladas a amikacina, meropenem y ceftazidima. Solo se obtuvo 1 cepa resistente al antibiótico Cefepime; encontramos 2 antibióticos que presentan un perfil de resistencia intermedio Cefepime (n=1), Ciprofloxacino (n=1). No se obtuvo fenotipo de resistencia a aminoglucósidos y a fluoroquinolonas debido a que el 100% de las cepas fueron sensibles a amikacina y a ciprofloxacina. Concluyendo que, a pesar del bajo índice de resistencia presentado, estos cuerpos de agua representan un alto riesgo para la salud de las personas que transitan y trabajan diariamente alrededor de estas; demostrando el inicio de un crecimiento del microrganismo y el inicio de un aumento de resistencia y multirresistencia en la ciénaga de las quintas."
650 14 - SUBJECT ADDED ENTRY--TOPICAL TERM
Topical term or geographic name entry element Bacteriologia
Form subdivision Tesis y disertaciones academicas.
700 1# - ADDED ENTRY--PERSONAL NAME
Personal name Mora Iris, Paula Andrea.
700 1# - ADDED ENTRY--PERSONAL NAME
Personal name Filippo Iriarte, Giselle di,
Relator term directora.
700 1# - ADDED ENTRY--PERSONAL NAME
Personal name Elles Navarro, Elincer,
Relator term asesora.
700 1# - ADDED ENTRY--PERSONAL NAME
Personal name Salas Romero, Soraya,
Relator term asesora.
856 ## - ELECTRONIC LOCATION AND ACCESS
Uniform Resource Identifier <a href="https://unicurn.sharepoint.com/:b:/s/biblioteca/EZiEyfKhD71Cucwf4pBMu2UBG8o3RQwps6GeP6NWxRLN7Q?e=kYm9qe">https://unicurn.sharepoint.com/:b:/s/biblioteca/EZiEyfKhD71Cucwf4pBMu2UBG8o3RQwps6GeP6NWxRLN7Q?e=kYm9qe</a>
Public note Click aqui para ver el recurso en texto completo
942 ## - ADDED ENTRY ELEMENTS (KOHA)
Source of classification or shelving scheme Dewey Decimal Classification
Koha item type Trabajos de grado
Classification part BAC 2022
Item part B277
Existencias
Withdrawn status Lost status Source of classification or shelving scheme Damaged status Not for loan Home library Current library Shelving location Date acquired Source of acquisition Cost, normal purchase price Total checkouts Full call number Barcode Date last seen Copy number Price effective from Koha item type
    Dewey Decimal Classification     Miguel Henríquez Emiliani Miguel Henríquez Emiliani Trabajo de grado 03/29/2025 El autor 350000.00   BAC 2022 B277 024633 06/20/2022 1 06/20/2022 Trabajos de grado